Express Ltd T/A Express Dairies Distribution v Environment Agency (Record no. 74856)

MARC details
000 -LEADER
fixed length control field 01647cab a2200193 4500
001 - CONTROL NUMBER
control field ABS68730
008 - FIXED-LENGTH DATA ELEMENTS--GENERAL INFORMATION
fixed length control field 050228n2005 000 0 eng u
035 ## - SYSTEM CONTROL NUMBER
System control number (Sirsi) u128907
041 ## - LANGUAGE CODE
Language code of text/sound track or separate title eng
245 ## - TITLE STATEMENT
Title Express Ltd T/A Express Dairies Distribution v Environment Agency
260 ## - PUBLICATION, DISTRIBUTION, ETC.
Date of publication, distribution, etc. 2005
490 ## - SERIES STATEMENT
Series statement Weekly Law Reports
Volume/sequential designation [2005] 1 WLR 223-235(13)
520 ## - SUMMARY, ETC.
Summary, etc. [2004] EWHC 1710 (Admin), 15 July 2004. Asks when a landowner needs to carry out a pollution risk assessment for others' activities on it's land. EX had permitted a customer to take delivery of cream from an outside supplier without assessing the risks introduced by the customer's loading and unloading operations or insisting that they were carried out in a particular way. The customer caused cream during transfer to escape into a brook discolouring the water. The customer was convicted of polluting controlled waters contrary to the Water Resources Act 1991 s85(1), whereas EX was convicted for causing pollution due to its default contrary to s217(3). EX appealed. "Held": the customer's offence under s85(1) of the was due to EX's default; a landowner, who permits an operation on his land giving rise to a risk of pollution, is obliged to carry out a risk assessment and to respond to what that assessment reveals; under s85(1) polluting matter does not have to be either poisonous or noxious but only stained or tainted. Appeal dismissed
590 ## - LOCAL NOTE (RLIN)
Local note ABS
650 ## - SUBJECT ADDED ENTRY--TOPICAL TERM
Topical term or geographic name entry element EXPRESS LTD V ENVIRONMENT AGENCY
650 ## - SUBJECT ADDED ENTRY--TOPICAL TERM
Topical term or geographic name entry element WATER RESOURCES ACT 1991 S85(1)
690 ## - LOCAL SUBJECT ADDED ENTRY--TOPICAL TERM (OCLC, RLIN)
Topical term or geographic name as entry element ENVIRONMENTAL AND LAND CONSULTANCY-ENVIRONMENTAL MANAGEMENT-ENVIRONMENTAL CONSERVATION
942 ## - ADDED ENTRY ELEMENTS (KOHA)
Suppress in OPAC 0
Holdings
Withdrawn status Lost status Source of classification or shelving scheme Damaged status Not for loan Home library Current library Shelving location Date acquired Total Checkouts Full call number Barcode Date last seen Copy number Price effective from Koha item type
    Dewey Decimal Classification     London London Journal article 28/02/2005   ABS68730 128907-1001 06/08/2019 1 06/08/2019 Law report